|
|
|
|
| LEADER |
00000nam0a2200000 4500 |
| 001 |
337870 |
| 005 |
20231102005008.0 |
| 035 |
|
|
|a (RuTPU)RU\TPU\book\364358
|
| 090 |
|
|
|a 337870
|
| 100 |
|
|
|a 20171114d1932 k y0rusy50 ca
|
| 101 |
0 |
|
|a rus
|a eng
|
| 102 |
|
|
|a RU
|
| 105 |
|
|
|a a z 001zy
|
| 200 |
1 |
|
|a Геология и петрология Экибастузского района, Казахская АССР (градусолист 45-46 в. д. от Пулкова и 51-52 с. ш.)
|f Д. С. Коржинский
|g Центральный научно-исследовательский геологоразведочный институт (ЦНИГРИ), Сектор геологической карты ; СССР, Всесоюзное геологоразведочное объединение
|
| 210 |
|
|
|a Москва
|a Ленинград
|c Геолразведиздат
|d 1932
|
| 215 |
|
|
|a 70 с.
|c ил.
|e 2 табл.
|
| 225 |
1 |
|
|a Труды Всесоюзного геолого-разведочного объединения
|v Вып. 155
|
| 320 |
|
|
|a Библиогр.: с. 3-5
|
| 512 |
1 |
|
|a Геология и петрология Экибастузского района, Казакская АССР (градусолист 45-46 в. д. от Пулкова и 51-52 с. ш.)
|
| 606 |
1 |
|
|a Геология
|y Казахстан
|2 stltpush
|3 (RuTPU)RU\TPU\subj\72113
|9 85700
|
| 606 |
1 |
|
|a Петрология
|2 stltpush
|3 (RuTPU)RU\TPU\subj\48710
|9 67556
|
| 610 |
1 |
|
|a Экибастузский бассейн
|
| 610 |
1 |
|
|a геологические исследования
|
| 610 |
1 |
|
|a петрографические исследования
|
| 610 |
1 |
|
|a стратиграфия
|
| 610 |
1 |
|
|a полезные ископаемые
|
| 610 |
1 |
|
|a библиотека М. А. Усова
|
| 675 |
|
|
|a 55(574)
|v 4
|
| 675 |
|
|
|a 552
|v 4
|
| 700 |
|
1 |
|a Коржинский
|b Д. С.
|
| 712 |
0 |
2 |
|a Центральный научно-исследовательский геологоразведочный институт (ЦНИГРИ)
|b Сектор геологической карты
|c (1931-1939)
|2 stltpush
|3 (RuTPU)RU\TPU\col\18472
|
| 712 |
0 |
1 |
|a СССР
|b Всесоюзное геологоразведочное объединение
|c (1931-1933)
|2 stltpush
|3 (RuTPU)RU\TPU\col\18435
|9 27031
|
| 801 |
|
1 |
|a RU
|b 63413507
|c 20171114
|
| 801 |
|
2 |
|a RU
|b 63413507
|c 20200901
|g RCR
|
| 942 |
|
|
|c BK
|